Derrames, ii : aparatos de estado y axiomática capitalista /

Guardado en:
Autor Principal: Deleuze, Gilles
Otros Autores: Puente, Sebastián, trad., Ires, Pablo, trad.
Formato: Libro
Publicado: Buenos Aires : Cactus, 2017
Materias:
Etiquetas: Agregar Etiqueta
Sin Etiquetas, Sea el primero en etiquetar este registro!
LEADER 00664nam a22002175a 4500
001 EHU.bham045657
003 AR-BHAM
005 20190711105241.0
008 130507s2017##################000#0#####d
020 |a 9789873831218 
082 1 0 |a 102 
100 1 |a Deleuze, Gilles 
245 1 0 |a Derrames, ii :  |b aparatos de estado y axiomática capitalista /  |c  Gilles Deleuze : 
260 |a Buenos Aires :  |b Cactus,  |c 2017 
300 |a 416 p. 
653 |a Capitalismo 
653 |a Estado y capitalismo 
653 |a Filosofía francesa 
700 1 |a Puente, Sebastián, trad. 
700 1 |a Ires, Pablo, trad. 
859 |a AR-BHAM  |b BIB. HUMANIDADES - General  |h 102  |i D378-6  |p 3725.19  |t Ej.1